| 000 | 00389nam a2200157Ia 4500 | ||
|---|---|---|---|
| 008 | 210716s1983 xx 000 0 und d | ||
| 020 | _a0-02-931250-7 | ||
| 041 | _aeng | ||
| 082 | _a658.4 STEG | ||
| 100 | _aSteiner, George A. | ||
| 245 | _aNew CEO. | ||
| 250 | _a1 | ||
| 260 |
_aNew York _bMac Millan Publishing Company _c1983 |
||
| 300 | _axiv,131 | ||
| 650 | _aExecutive Mgmt(658.4) | ||
| 999 |
_c199604 _d199604 |
||